000 00901nam a2200265 a 4500
001 1397
003 BR-CuiBMT
005 20231210050001.0
008 231201s2008 dfb 000 0 por d
020 _a8586611123
040 _aBR-CuiBMT
_cBR-CuiBMT
080 _a324
_22007
090 _a324
_bB823p
110 1 _aBrasil.
_bTribunal Superior Eleitoral.
245 1 0 _aPesquisa eleitoral /
_cTribunal Superior Eleitoral.
260 _aBrasília :
_bCojur, Secretaria de Gestão da Informação,
_c2008.
300 _a35 p. ;
_c21 cm
490 1 _aJurisprudência do TSE. Temas selecionados ;
_vv. 15
500 _a"Atualização até julho de 2007".
504 _aInclui bibliografia.
650 _aPesquisa eleitoral
_xJurisprudência
_zBrasil
650 _aTribunal Superior Eleitoral
_xDireito eleitoral
_zBrasil
830 0 _aJurisprudência do TSE.
_pTemas selecionados
_v15
942 _2udc
_cLV
999 _c1397
_d1397